000 00493nam a22001697a 4500
005 20251108164357.0
008 250721s1991 xx 000 0 ara d
082 1 4 _a811.0109/وحي
100 1 _aوحيد، لطفي
245 1 0 _aالحب و الغزل عند الشعراء /
264 1 _aالقاهرة :
_bالمركز العربي للنشر،
_c1991.
300 _a144 ص.
650 1 7 _aالشعر العربي
650 1 7 _aشعر الغزل
942 _2ddc
_cBK
999 _c10667
_d10667